Účtovníctvo ako nástroj finančného riadenia podniku bakalárska práca

Guardado en:
Detalles Bibliográficos
Autor principal: Minaričová, Petra
Autor Corporativo: Fakulta hospodárskej informatiky EU. Katedra účtovníctva a audítorstva
Otros Autores: Surový, Vladimír
Formato: Libro
Lenguaje:eslovaco
Publicado: Bratislava 2009
Etiquetas: Agregar Etiqueta
Sin Etiquetas, Sea el primero en etiquetar este registro!

MARC

LEADER 00000nam$a2200000$$$4500
001 0102138
005 20240318135004.4
041 0 |a slo 
044 |a SK 
245 1 0 |a Účtovníctvo ako nástroj finančného riadenia podniku  |b bakalárska práca  |c Petra Minaričová ; škol. Vladimír Surový 
264 1 |a Bratislava  |c 2009 
300 |a 30 s. 
100 1 |a Minaričová, Petra 
700 1 |a Surový, Vladimír 
710 2 |a Fakulta hospodárskej informatiky EU. Katedra účtovníctva a audítorstva